Научная инициатива иностранных студентов и аспирантов: сборник докладов V Международной научно-практической конференции, Томск, 22-24 апреля 2025 г.

Dades bibliogràfiques
Autor corporatiu: Национальный исследовательский Томский политехнический университет Школа общественных наук (570), Научная инициатива иностранных студентов и аспирантов конференция
Altres autors: Шерина Е. А. Евгения Алексеевна (редактор), Фрик Т. Б. Татьяна Борисовна, Охорзина Ю. О. Юлия Олеговна, Салосина И. В. Ирина Викторовна, Курикова Н. В. Наталья Владимировна, Серышева Ю. В. Юлия Вячеславовна
Sumari:Заглавие с экрана
Сборник представляет интерес для специалистов и исследователей в области математики, механики, электротехники, информатики и вычислительных систем, физики, химии, геологии, гуманитарных наук и экономики
Idioma:rus
Publicat: Томск, Изд-во ТПУ, 2025
Matèries:
Accés en línia:http://earchive.tpu.ru/handle/11683/132086
Format: MixedMaterials Electrònic Llibre
KOHA link:https://koha.lib.tpu.ru/cgi-bin/koha/opac-detail.pl?biblionumber=680868

MARC

LEADER 00000nam1a2200000 4500
001 680868
005 20250731115452.0
090 |a 680868 
100 |a 20250626d2025 k||y0rusy50 ca 
101 0 |a rus 
102 |a RU 
105 |a a z 101yy 
135 |a drcn ---uucaa 
181 0 |a i   |b  e  
182 0 |a b 
183 0 |a cr  |2 RDAcarrier 
200 1 |a Научная инициатива иностранных студентов и аспирантов  |e сборник докладов V Международной научно-практической конференции, Томск, 22-24 апреля 2025 г.  |f Национальный исследовательский Томский политехнический университет (ТПУ), ред. кол. Е. А. Шерина [и др.] 
203 |a Текст  |c электронный  |b визуальный 
210 |a Томск  |c Изд-во ТПУ  |d 2025 
215 |a 1 файл (7,35 Mb, 360 с.)  |c pdf 
283 |a online_resource  |2 RDAcarrier 
300 |a Заглавие с экрана 
320 |a Библиография в конце статей 
330 |a Сборник представляет интерес для специалистов и исследователей в области математики, механики, электротехники, информатики и вычислительных систем, физики, химии, геологии, гуманитарных наук и экономики 
606 1 |a Студенты  |x Научно-исследовательская работа  |2 stltpush  |3 (RuTPU)RU\TPU\subj\68806  |9 83939 
610 1 |a электронный ресурс 
610 1 |a труды учёных ТПУ 
610 1 |a математика 
610 1 |a механика 
610 1 |a электротехника 
610 1 |a информатика 
610 1 |a вычислительные системы 
610 1 |a физика 
610 1 |a геология 
610 1 |a гуманитарные науки 
610 1 |a экономика 
610 1 |a инженерные науки 
610 1 |a актуальные проблемы 
610 1 |a гуманитарные проблемы 
610 1 |a социально-экономические науки 
686 |a Ч481.268л0  |2 rubbk 
702 1 |a Шерина  |b Е. А.  |c лингвист  |c доцент Томского политехнического университета, кандидат филологических наук  |f 1982-  |g Евгения Алексеевна  |4 340 
702 1 |a Фрик  |b Т. Б.  |c филолог  |c доцент Томского политехнического университета, кандидат филологических наук  |f 1979-  |g Татьяна Борисовна  |4 340 
702 1 |a Охорзина  |b Ю. О.  |c экономист  |c доцент Томского политехнического университета, кандидат экономических наук  |f 1972-  |g Юлия Олеговна  |4 340 
702 1 |a Салосина  |b И. В.  |c лингвист  |c доцент Томского политехнического университета, кандидат педагогических наук  |f 1972-  |g Ирина Викторовна  |4 340 
702 1 |a Курикова  |b Н. В.  |c лингвист  |c доцент Томского политехнического университета, кандидат филологических наук  |f 1975-  |g Наталья Владимировна  |4 340 
702 1 |a Серышева  |b Ю. В.  |c филолог  |c старший преподаватель Томского политехнического университета, кандидат филологических наук  |f 1987-  |g Юлия Вячеславовна  |4 340 
712 0 2 |a Национальный исследовательский Томский политехнический университет  |c (2009- )  |b Школа общественных наук  |9 26305  |4 570 
712 1 2 |a Научная инициатива иностранных студентов и аспирантов  |b конференция  |d 5  |e Томск  |f 2025 
801 2 |a RU  |b 63413507  |c 20250626  |g RCR 
850 |a 63413507 
856 4 |u http://earchive.tpu.ru/handle/11683/132086  |z http://earchive.tpu.ru/handle/11683/132086 
942 |c CF